000 00723nam a2200241 i 4500
001 000046423
003 DO-SdBNP
005 20241028115536.0
007 ta
008 150811s19-- dr 000 0 spa d
040 _aDO-SdBNP
_bspa
_cBNPHU
_erda
082 _axx
_bD473
_222
100 _4aut.
_aDespradel, Fidelio,
_d1937-
_974070
_eautor
245 1 0 _aSanto Domingo :
_b¿evolución o revolución? /
_cFidelio Despradel.
264 1 _aSanto Domingo :
_bEditora Nacional,
_c[1970].
300 _a74 páginas
_c17 cm.
336 _atexto
_btxt
_2rdacontent
337 _asin mediación
_bn
_2rdamedia
338 _avolumen
_bnc
_2rdacarrier
590 _aInventariado, 2024/ YL
910 _aYLockward
942 _2ddc
_cLBS1
999 _c45912
_d45912